[Event "Witwatersrand USSA Cup"]
[Site "Witwatersrand"]
[Date "2015.04.25"]
[Round "6"]
[White "Bornheim, Craig"]
[Black "Jairosi, Isheunesu"]
[Result "1-0"]
[WhiteElo "2011"]
[BlackElo "1635"]
[PlyCount "107"]
[EventDate "2015.04.23"]
[EventType "tourn"]
[EventRounds "9"]
[EventCountry "RSA"]
[SourceTitle "EXT 2016"]
[Source "ChessBase"]
[SourceDate "2015.10.08"]
[SourceVersion "1"]
[SourceVersionDate "2015.10.08"]
[SourceQuality "1"]

1. d4 d5 2. c4 e6 3. Nf3 c6 4. Nc3 Nf6 5. Bg5 Be7 6. e3 Ne4 7. Bxe7 Qxe7 8. Nxe4 dxe4 9. Nd2 f5 10. c5 0-0 11. Nc4 Nd7 12. Nd6 Nf6 13. b4 Ne8 14. Nc4 Rf6 15. Qc2 Rh6 16. a4 Nf6 17. Be2 Nd7 18. Qc3 Qg5 19. g3 Nf6 20. b5 Nd5 21. Qb3 Bd7 22. Na5 cxb5 23. axb5 b6 24. Nc4 bxc5 25. dxc5 Qf6 26. Ra3 Qd8 27. 0-0 Qg5 28. f4 Qd8 29. Rfa1 g5 30. fxg5 Qxg5 31. Rxa7 Rf8 32. Rxd7 f4 33. exf4 Nxf4 34. Bf1 Nd3 35. Rxd3 exd3 36. Qxd3 Qxc5+ 37. Qe3 Qh5 38. Ra2 Rhf6 39. Nd2 Qd5 40. Bc4 Rf1+ 41. Nxf1 Qxc4 42. Re2 Qxb5 43. Qxe6+ Kg7 44. Qe5+ Qxe5 45. Rxe5 Ra8 46. Kf2 Kf6 47. Rb5 Kg6 48. h4 Rf8+ 49. Kg2 Ra8 50. Ne3 h6 51. Rb6+ Kh5 52. Kh3 Ra4 53. Nf5 Rg4 54. Rxh6# 1-0